100 Ways to Love a Cat - Quiz - Statistics

General Stats
  • This quiz has been taken 5 times
  • The average score is 4 of 100
Answer Stats
Way # Answer % Correct
Way Four Brush them with a hairbrush
67%
Way Eleven Whisper I love you
67%
Way Ten Be quiet when they're sleeping
33%
Way Two Be sure to clip their claws
33%
Way Thirty Three Don't let them chew on power cords
33%
Way One Keep a tidy house for them
33%
Way Seven Let them have a fish
33%
Way Nine Put them in your lap
33%
Way Three Scoop their box daily
33%
Way Eighty Five Admire his long whiskers
0%
Way Forty Six Be sure to watch his weight
0%
Way Twenty One Brush their teeth
0%
Way Sixty Eight Buy a sturdy cat carrier
0%
Way Sixteen Buy him some catnip
0%
Way Eight Buy them a scratching post
0%
Way Thirty Five Cat-proof your home
0%
Way Thirty SIx Change their litter weekly
0%
Way Sixty Six Clean out their ears
0%
Way Forty One Clean up their hairballs
0%
Way Seventy Dentabite temptations
0%
Way Eighty Two Don't forget sardine time
0%
Way Twenty Eight Don't forget them on christmas
0%
Way Eighty Eight Don't interrupt them while they're eating
0%
Way Twenty Three Don't let them be outside by themselves
0%
Way Seventy Five Don't let them play in plastic bags
0%
Way Five Don't squeeze their paws
0%
Way Seventy Two Don't trap them in the laundry basket
0%
Way Ninety Five Don't vacuum if it scares him
0%
Way Ninety Six Draw a picture of him
0%
Way Fifty Seven Dress them up in ribbons
0%
Way Ninety Nine Feed him again
0%
Way Twenty Four Feed them some cat food
0%
Way Eighteen Get them a cute collar
0%
Way Ninety Two Give him a ball with a bell in it
0%
Way Forty Three Give him a separate zone
0%
Way Fifty Three Give them a box to play in
0%
Way Fifty Eight Give them a flea treatment
0%
Way Sixty Give them a little wet food
0%
Way Seventy Six Give them a massage
0%
Way Twenty Seven Give them a mat to wipe their feet on
0%
Way Fifty Give them a thing of cat grass
0%
Way Forty Give them a toy mouse
0%
Way Fourteen Give them a yarn ball
0%
Way Six Give them some fresh water
0%
Way Sixty Two Give them some private time
0%
Way Seventy One Give them your full attention
0%
Way Thirty Hold them like a baby
0%
Way Seventy Eight If he's on the couch don't be mad
0%
Way Ninety Three If it's hot put ice in their bowl
0%
Way Ninety One If their breath stinks give them Greenies
0%
Way Seventy Nine If they hate fans turn the fan off
0%
Way Fifty Four If they're old help them get down
0%
Way Ninety Seven If you drop some food it's theirs now
0%
Way Forty Seven If you leave turn on the radio
0%
Way Forty Five Increase his cuddle time
0%
Way Eighty One Intrigue them with a funny sound
0%
Way One Hundred Just love them every day
0%
Way Eighty Six Keep his box away from his food
0%
Way Forty Two Keep them away from candles
0%
Way Thirty Two Keep your toilet lid down
0%
Way Ninety Four Let him drink out of the sink
0%
Way Ninety Let him have a lick
0%
Way Eighty Three Let him play with your old socks
0%
Way Sixty Five Let them chase a laser pointer
0%
Way Thirty One Let them have a towel or blanket
0%
Way Fifty Five Let them lick you with their rough tounge
0%
Way Seventy Three Let them sleep in bed with you
0%
Way Twenty Two Let them watch TV
0%
Way Sixty Nine Listen to them purr
0%
Way Fifty Nine Make a vet appointment
0%
Way Twenty Five Make sure their eyes are clean
0%
Way Thirteen Make sure their tail is clean
0%
Way Seventy Four Make sure they're not locked in the closet
0%
Way Twenty Nine Make sure they're spayed and neutered
0%
Way Nineteen Make sure they're vaccinated
0%
Way Fifteen Make them a nice bed
0%
Way Thirty Eight Never feed him chicken bones
0%
Way Forty Four Never play with them aggressively
0%
Way Sixty Seven Never smoke around them
0%
Way Seventeen Play them some music
0%
Way Thirty Seven Praise them Lavishly
0%
Way Eighty Seven Pretend that he's a piano
0%
Way Twenty Six Put a liner in their box
0%
Way Ninety Eight Read him a book
0%
Way Fifty Six Record their precious memories
0%
Way Fifty Two Remind him that you love him
0%
Way Forty Nine Respond when he meows
0%
Way Twelve Rub their soft belly
0%
Way Forty Eight Scold him firmly but with kindness
0%
Way Fifty One Scratch under his chin
0%
Way Thirty Four Set them by the window
0%
Way Eighty Four Stroke in the direction that his fur goes
0%
Way Twenty Take their picture
0%
Way Thirty Nine Teach them a funny trick
0%
Way Seventy Seven Touch him as you pass by
0%
Way Sixty Three Treat them with respect
0%
Way Sixty Four When he grooms himself say good job
0%
Way Eighty When there's a bird outside say hey look
0%
Way Eighty Nine When they're scared go comfort them
0%
Way Sixty One When they scratch you don't get angry
0%
No matching quizzes found
Score Distribution
Percent of People with Each Score
Percentile by Number Answered
Your Score History
You have not taken this quiz